000 00524nam a2200193Ia 4500
008 151119s9999||||xx |||||||||||||| ||und||
082 _a891.463
082 _bGKKV16985
100 _aनायक श्रीकांत
245 _aयज्ञकुंड
260 _a--
260 _b--
260 _c0
600 _aनायक श्रीकांत
630 _aयज्ञकुंड
700 _aनायक श्रीकांत
730 _aयज्ञकुंड
942 _cBOOK
999 _c1070202
_d1070199